书目信息 |
| 题名: |
你一定爱读的极简法国史
|
|
| 作者: | 帕米利 著 ;孙骞骞 译 | |
| 分册: | ||
| 出版信息: | 北京 民主与建设出版社 2016 |
|
| 页数: | 212页 | |
| 开本: | 21cm | |
| 丛书名: | ||
| 单 册: | ||
| 中图分类: | K565.09 | |
| 科图分类: | ||
| 主题词: | ||
| 电子资源: | ||
| ISBN: | 978-7-5139-1083-5 | |
| 000 | 01127nam0 22002651 450 | |
| 001 | 0124140136 | |
| 005 | 20170324140136.0 | |
| 010 | @a978-7-5139-1083-5@dCNY32.80 | |
| 100 | @a20160714d2016 em y0chiy50 ea | |
| 101 | 1 | @achi@ceng |
| 102 | @aCN@b110000 | |
| 105 | @aa z 000yd | |
| 106 | @ar | |
| 200 | 1 | @a你一定爱读的极简法国史@9ni yi ding ai du de ji jian fa guo shi@f(美)玛丽·普拉特·帕米利著@g孙骞骞译 |
| 210 | @a北京@c民主与建设出版社@d2016 | |
| 215 | @a212页@c图@d21cm | |
| 312 | @a封面英文题名:A short history of France | |
| 330 | @a本书是由美国历史学家玛丽·普拉特·帕米利写的。全书共分十九章,从早期的高卢一直写到法兰西第三共和国,作者利用一些历史事件将法国历史串联起来,内容包括早期的高卢、凯撒征服高卢、鲁特西亚、基督教的诞生、基督教的传播、匈奴入侵、法兰克人在高卢、丕平篡权、查理曼大帝、神圣罗马帝国等。 | |
| 510 | 1 | @aShort history of France@zeng |
| 607 | @a法国@Afa guo@x历史@j通俗读物 | |
| 690 | @aK565.09@v5 | |
| 701 | 0 | @c(美)@a帕米利@9pa mi li@c(女,@f1843~1911)@4著 |
| 702 | 0 | @a孙骞骞@9sun qian qian@c(翻译)@4译 |
| 801 | 0 | @aCN@bTANGWEI@c20170308 |
| 905 | @b0961751-3@dK565.09@e50@f3 | |
| 你一定爱读的极简法国史/(美)玛丽·普拉特·帕米利著/孙骞骞译.-北京:民主与建设出版社,2016 |
| 212页:图;21cm |
| ISBN 978-7-5139-1083-5:CNY32.80 |
| 本书是由美国历史学家玛丽·普拉特·帕米利写的。全书共分十九章,从早期的高卢一直写到法兰西第三共和国,作者利用一些历史事件将法国历史串联起来,内容包括早期的高卢、凯撒征服高卢、鲁特西亚、基督教的诞生、基督教的传播、匈奴入侵、法兰克人在高卢、丕平篡权、查理曼大帝、神圣罗马帝国等。 |
| ● |
| 相关链接 |
|
|
|
|
正题名:你一定爱读的极简法国史
索取号:K565.09/50
 
预约/预借
| 序号 | 登录号 | 条形码 | 馆藏地/架位号 | 状态 | 备注 |
| 1 | 0961751 | 209617510 | 第二样本阅览室/ [索取号:K565.09/50] | 在馆 | |
| 2 | 0961752 | 209617529 | 第二借阅区/ [索取号:K565.09/50] | 在馆 | |
| 3 | 0961753 | 209617538 | 第二借阅区/ [索取号:K565.09/50] | 在馆 |